| 000 | 00693nam a2200205 a 4500 | ||
|---|---|---|---|
| 005 | 20140310183206.0 | ||
| 008 | 030127s19uu xx 00 eng d | ||
| 020 | _a9781575170671 | ||
| 050 |
_aLB 1027.42 _b.F64 1997 |
||
| 100 | _aFogarty, Robin | ||
| 245 |
_aProblem-based learning and other curriculum models for the multiple intelligences classroom / _cFogarty Robin. |
||
| 260 |
_aUSA : _bSkylight Training & Publishing, _c1997. |
||
| 300 |
_a160 p. : _c28 cm. |
||
| 521 | _aEDU | ||
| 650 |
_aProblem based learning _xhandbooks, manuals, etc. |
||
| 650 |
_aCase methods _xhandbook, manuals, etc. |
||
| 650 | _aCognitive styles in children | ||
| 942 |
_cBK _2lcc _kFOR |
||
| 999 |
_c19992 _d19992 |
||